00557 2200157 4500245015600000020002200156250001600178100003600194650001200230005001900242260008600261041001400347084000800361300002100369336000900390 aKatalog b : Kurikulum Program Studi FE, FHSIP, FKIP (Non PGSD & Non PGPAUD), FST Universitas Terbuka 2022/2023cKurnia Endah Riana, S.E., M.Si.hText a97i-623-480-307-5 aRevisi 2022 aKurnia Endah Riana, S.E., M.Si. aKatalog a20250317083926 aTangerang SelatanbUniversitas Terbuka Kementrian Pendidikan dan Kebudayaanc2022 aIndonesia a378 a386 hlm :c22 cm atext